[Event "CUB-ch (Women)"]
[Site "Pinar del Rio"]
[Date "2024.02.13"]
[Round "6"]
[White "Valdes Boza, Aliett"]
[Black "Hernandez Machado, Patricia M"]
[Result "1/2-1/2"]
[WhiteElo "1944"]
[BlackElo "2154"]
[PlyCount "87"]
[EventDate "2024.02.08"]
[EventType "swiss"]
[EventRounds "10"]
[EventCountry "CUB"]
[SourceTitle "CB08_2024"]
[SourceDate "2024.02.21"]
[SourceVersion "1"]
[SourceVersionDate "2024.02.21"]
[SourceQuality "1"]

1. d4 Nf6 2. c4 g6 3. Nc3 Bg7 4. e4 d6 5. f3 0-0 6. Be3 c5 7. d5 e6 8. Nge2 exd5 9. cxd5 Re8 10. Qd2 a6 11. g4 Nbd7 12. Ng3 Ne5 13. Be2 b5 14. h4 b4 15. Nd1 Nfxg4 16. fxg4 Bxg4 17. Bxg4 Nxg4 18. Bg5 Qb6 19. 0-0 c4+ 20. Kg2 h5 21. Rc1 Rac8 22. Ne3 c3 23. bxc3 bxc3 24. Qe2 Nxe3+ 25. Bxe3 Qb5 26. Qf3 Rc7 27. Rf2 Qd7 28. Bb6 Rb7 29. Ba5 Qe7 30. Bxc3 Qxh4 31. Rh1 Qg5 32. Bf6 Bxf6 33. Qxf6 Qxf6 34. Rxf6 Rb2+ 35. Rf2 Reb8 36. Rhf1 h4 37. Nh1 Kg7 38. Kh3 Rxf2 39. Rxf2 Rb1 40. Rh2 g5 41. Nf2 Re1 42. Kg4 Kg6 43. Kf3 f5 44. Rg2 1/2-1/2

[Event "CUB-ch (Women)"]
[Site "Camaguey"]
[Date "2023.02.19"]
[Round "10"]
[White "Forgas Moreno, Yaniela"]
[Black "Hernandez Machado, Patricia M"]
[Result "0-1"]
[WhiteElo "2304"]
[BlackElo "2142"]
[PlyCount "84"]
[EventDate "2023.02.09"]
[EventType "tourn"]
[EventRounds "11"]
[EventCountry "CUB"]
[SourceTitle "CBM 213 Extra"]
[Source "ChessBase"]
[SourceDate "2023.05.31"]
[SourceVersion "1"]
[SourceVersionDate "2023.05.31"]
[SourceQuality "1"]

1. e4 c5 2. Nf3 d6 3. c3 Nf6 4. h3 Nc6 5. d3 g6 6. Be2 Bg7 7. 0-0 0-0 8. Re1 Rb8 9. a4 a6 10. Bf1 e5 11. d4 exd4 12. cxd4 cxd4 13. Nxd4 Nxd4 14. Qxd4 Re8 15. f3 Be6 16. Qf2 d5 17. Bf4 Rc8 18. e5 Nh5 19. Bd2 Rc2 20. Bd3 Rxb2 21. Qd4 Rxd2 22. Nxd2 Qg5 23. Bf1 Bxh3 24. Qf2 Nf4 25. Kh1 Bxg2+ 26. Bxg2 Nd3 27. Qd4 Qxd2 28. Qe3 Qc2 29. Re2 Qc4 30. Qg5 Qd4 31. Raa2 Bxe5 32. Qg4 Nf4 33. Rf2 Qe3 34. Bf1 Nh5 35. Rae2 Ng3+ 36. Kg2 Nf5 37. f4 Bd4 38. Kg1 h5 39. Qg2 Qxe2 40. Bxe2 Rxe2 41. Qxd5 Rxf2 42. Kh1 Ng3+ 0-1

[Event "Carlos Torre Memorial op 32nd"]
[Site "Merida"]
[Date "2022.12.19"]
[Round "6"]
[White "Alayola Montanez, Jose Enrique"]
[Black "Hernandez Machado, Patricia M"]
[Result "0-1"]
[WhiteElo "1994"]
[BlackElo "2173"]
[PlyCount "57"]
[EventDate "2022.12.16"]
[EventType "swiss"]
[EventRounds "9"]
[EventCountry "MEX"]
[SourceTitle "CBM 212 Extra"]
[Source "ChessBase"]
[SourceDate "2023.03.31"]
[SourceVersion "1"]
[SourceVersionDate "2023.03.31"]
[SourceQuality "1"]

1. e4 c5 2. Nf3 d6 3. d4 cxd4 4. Nxd4 Nf6 5. Nc3 g6 6. Be3 Bg7 7. f3 0-0 8. Bc4 Nc6 9. Qd2 Bd7 10. 0-0-0 Rb8 11. h4 b5 12. Ncxb5 Na5 13. Be2 e5 14. Nxd6 exd4 15. Bxd4 Nc6 16. Bc3 Be6 17. Qg5 h6 18. Qe3 Qb6 19. Qxb6 Rxb6 20. Bc4 Nh5 21. Bxg7 Nxg7 22. Rd2 Ne5 23. Bxe6 Nxe6 24. Rhd1 Rd8 25. b3 Kf8 26. Rd5 f6 27. Nc4 Rxd5 28. exd5 Nxc4 29. dxe6 0-1

[Event "Carlos Torre Memorial op 32nd"]
[Site "Merida"]
[Date "2022.12.17"]
[Round "2"]
[White "Hernandez Machado, Patricia M"]
[Black "Barrientos Chavarriaga, Sergio E"]
[Result "0-1"]
[WhiteElo "2173"]
[BlackElo "2465"]
[PlyCount "96"]
[EventDate "2022.12.16"]
[EventType "swiss"]
[EventRounds "9"]
[EventCountry "MEX"]
[SourceTitle "CBM 212 Extra"]
[Source "ChessBase"]
[SourceDate "2023.03.31"]
[SourceVersion "1"]
[SourceVersionDate "2023.03.31"]
[SourceQuality "1"]

1. d4 Nf6 2. c4 c5 3. d5 b5 4. cxb5 a6 5. bxa6 g6 6. g3 d6 7. Bg2 Bg7 8. Nc3 0-0 9. Nf3 Bxa6 10. 0-0 Nbd7 11. Re1 Nb6 12. h3 Nfd7 13. Qc2 Qc7 14. Ng5 Nf6 15. h4 Rfb8 16. Bf3 Nc4 17. h5 Ne5 18. hxg6 Nxf3+ 19. exf3 hxg6 20. Kg2 Qd7 21. Qd2 Rb4 22. Qe3 Re8 23. Rh1 Qf5 24. Bd2 Rd4 25. Rad1 Bc4 26. Nge4 Nxd5 27. Nxd5 Qxd5 28. Rde1 Rd3 29. Qf4 Qf5 30. Qh4 Qxf3+ 31. Kg1 Qh5 32. Qf4 Qe5 33. Qxe5 Bxe5 34. Bc3 Bxc3 35. Nxc3 d5 36. Rh4 e6 37. Na4 Bxa2 38. Nxc5 Rd2 39. b4 Rb8 40. Kg2 d4 41. Nd7 Rxb4 42. Nf6+ Kg7 43. Ne4 Bd5 44. Kf1 Rc2 45. Ng5 Rbb2 46. Rh2 d3 47. Rd1 f6 48. Rh7+ Kg8 0-1

[Event "Guillermo Garcia Memorial-C"]
[Site "Santa Clara"]
[Date "2022.05.06"]
[Round "6"]
[White "Quesada Vera, Liordis"]
[Black "Hernandez Machado, Patricia M"]
[Result "1-0"]
[WhiteElo "2360"]
[BlackElo "2204"]
[PlyCount "147"]
[EventDate "2022.04.30"]
[EventType "tourn"]
[EventRounds "9"]
[EventCountry "CUB"]
[SourceTitle "CBM 208 Extra"]
[Source "ChessBase"]
[SourceDate "2022.07.31"]
[SourceVersion "1"]
[SourceVersionDate "2022.07.31"]
[SourceQuality "1"]

1. Nf3 Nf6 2. g3 g6 3. b3 Bg7 4. Bb2 0-0 5. Bg2 d6 6. d4 Nbd7 7. 0-0 c6 8. Nbd2 Qc7 9. e4 b5 10. Qe2 e5 11. c4 exd4 12. Nxd4 bxc4 13. Rac1 Ba6 14. bxc4 Rab8 15. Ba1 Rfe8 16. Qd3 Nc5 17. Qc2 Ng4 18. Rfe1 Ne5 19. Bf1 h5 20. f4 Ned7 21. Bg2 Rb6 22. N2f3 Rb4 23. Bf1 Nb6 24. e5 Qd7 25. exd6 Rxe1 26. Rxe1 Qxd6 27. Re8+ Bf8 28. Nf5 gxf5 29. Qc3 f6 30. Qxb4 Kf7 31. Re1 Ne4 32. Qxd6 Bxd6 33. Rc1 Ba3 34. Rc2 c5 35. Nh4 Ke6 36. Bd3 Nc8 37. Ng2 Ncd6 38. Ne3 Bb7 39. Re2 Bc1 40. Nd1 Ba6 41. Nc3 Bxc4 42. Nxe4 fxe4 43. Bxc4+ Nxc4 44. Rxe4+ Kd5 45. Re7 Nb2 46. Rb7 Nd3 47. Bxf6 c4 48. Kf1 Be3 49. Ke2 Bb6 50. Kd2 Nc5 51. Rf7 Ke6 52. Re7+ Kxf6 53. Re5 h4 54. Kc3 Nd7 55. Rd5 Ke6 56. Kxc4 Bg1 57. Rd2 h3 58. Kd3 Nf6 59. Rc2 Ng4 60. Ke4 Nf2+ 61. Kf3 Nd3 62. Re2+ Kf6 63. g4 Bb6 64. Rd2 Ne1+ 65. Ke4 Bg1 66. Rd1 Bf2 67. Rd6+ Kg7 68. g5 Ng2 69. Rd3 Kg6 70. Rxh3 Nh4 71. Rc3 Bg1 72. Rc6+ Kh5 73. Rh6+ Kg4 74. Rxh4+ 1-0

[Event "CUB-ch U18 Girls"]
[Site "Pinar del Rio"]
[Date "2019.06.30"]
[Round "5"]
[White "Venzant Batista, Marcia Camila"]
[Black "Hernandez Machado, Patricia M"]
[Result "0-1"]
[WhiteElo "1940"]
[BlackElo "2017"]
[PlyCount "152"]
[EventDate "2019.06.28"]
[EventType "swiss"]
[EventRounds "9"]
[EventCountry "CUB"]
[SourceTitle "CBM 195 Extra"]
[Source "ChessBase"]
[SourceDate "2020.05.31"]
[SourceVersion "1"]
[SourceVersionDate "2020.05.31"]
[SourceQuality "1"]

1. e4 c5 2. Nf3 d6 3. c3 Nf6 4. Bd3 g6 5. Bc2 Bg7 6. d4 cxd4 7. cxd4 0-0 8. 0-0 Bg4 9. Nbd2 Nc6 10. h3 Bd7 11. Re1 Qc7 12. a3 Rac8 13. Nf1 e5 14. d5 Ne7 15. Bd3 Nh5 16. g4 Nf4 17. Bxf4 exf4 18. Qd2 Qb6 19. Rab1 Qb3 20. N1h2 h6 21. Qxf4 Qxd3 22. Qxd6 Nxd5 23. Qxd7 Rfd8 24. Qxb7 Rc7 25. Rbd1 Qxd1 26. Rxd1 Rxb7 27. exd5 Bxb2 28. Nf1 Bxa3 29. Ne5 Rb5 30. Ne3 Bc5 31. Nc6 Rd7 32. Nc4 Bd6 33. Kg2 Rc5 34. Ne3 Bf4 35. Rd4 Bxe3 36. fxe3 Kg7 37. Ra4 Rdxd5 38. Nxa7 Rd7 39. Kf3 Re7 40. Ra3 Re8 41. Rb3 Re7 42. Nb5 Rb7 43. Nd4 Rxb3 44. Nxb3 Rc3 45. Nd4 Kf6 46. Kf4 Rc1 47. Nf3 g5+ 48. Kg3 Rc3 49. Kf2 Rc2+ 50. Kf1 Ra2 51. Ke1 Ke6 52. Nd2 Ra4 53. Kf2 Ra1 54. Nf3 Kd5 55. h4 f6 56. hxg5 hxg5 57. Ke2 Rh1 58. Nd4 Ke4 59. Nf3 Rh3 60. Nd2+ Kd5 61. Nf1 Ke5 62. Kf2 Ke4 63. Ke2 Kd5 64. Kf2 Kc4 65. Kg2 Rh7 66. Ng3 Kd3 67. Nf5 Ke2 68. Kg3 Ra7 69. Kg2 Ra3 70. Nd4+ Kd2 71. e4 Kd3 72. Nb5 Rb3 73. Nd6 Rb6 74. e5 fxe5 75. Nf7 e4 76. Ne5+ Ke2 0-1

[Event "CUB-ch U18 Girls"]
[Site "Pinar del Rio"]
[Date "2019.06.29"]
[Round "3"]
[White "Hernandez Machado, Patricia M"]
[Black "Obregon Garcia, Roxangel"]
[Result "0-1"]
[WhiteElo "2017"]
[BlackElo "2322"]
[PlyCount "118"]
[EventDate "2019.06.28"]
[EventType "swiss"]
[EventRounds "9"]
[EventCountry "CUB"]
[SourceTitle "CBM 195 Extra"]
[Source "ChessBase"]
[SourceDate "2020.05.31"]
[SourceVersion "1"]
[SourceVersionDate "2020.05.31"]
[SourceQuality "1"]

1. d4 d5 2. c4 c6 3. Nf3 Nf6 4. Nc3 dxc4 5. a4 Bg4 6. Ne5 Bf5 7. f3 Nbd7 8. e4 Be6 9. Nxc4 Nb6 10. Ne5 Nfd7 11. a5 Nxe5 12. axb6 Nd7 13. bxa7 Qb6 14. d5 cxd5 15. exd5 Bf5 16. Qa4 h5 17. g4 hxg4 18. fxg4 Rh4 19. Be2 Bxg4 20. Bxg4 f5 21. Rf1 Rxg4 22. Qb5 g6 23. Qxb6 Nxb6 24. Be3 Nc4 25. Nb5 Kd7 26. Bf4 Nxb2 27. Bb8 Re4+ 28. Kf2 Nd3+ 29. Kg2 Re2+ 30. Kf3 Rc2 31. Ra3 Nb4 32. Rb1 Nxd5 33. Nd4 Rc4 34. Rxb7+ Kc8 35. Rab3 Rxd4 36. Be5 Rd3+ 37. Rxd3 Kxb7 38. Rxd5 Rxa7 39. Rd7+ Ka6 40. Rd8 Bh6 41. Rg8 Kb5 42. Rxg6 Ra3+ 43. Kg2 Ra6 44. Rg8 Kc5 45. Re8 Re6 46. Bg3 Re4 47. Rh8 Bg7 48. Rh5 e6 49. h4 Kd4 50. Rh7 Rg4 51. Kf3 e5 52. Bf2+ Kd3 53. Be3 e4+ 54. Kf2 f4 55. Bb6 Rg6 56. Ba7 f3 57. h5 Rg2+ 58. Kf1 e3 59. Bxe3 Kxe3 0-1

[Event "Guillermo Garcia Memorial op 28th"]
[Site "Santa Clara"]
[Date "2019.04.27"]
[Round "5"]
[White "Chaviano Espina, Miguel Orlando"]
[Black "Hernandez Machado, Patricia M"]
[Result "1/2-1/2"]
[WhiteElo "2200"]
[BlackElo "2000"]
[PlyCount "92"]
[EventDate "2019.04.23"]
[EventType "swiss"]
[EventRounds "9"]
[EventCountry "CUB"]
[SourceTitle "EXT 2020"]
[Source "ChessBase"]
[SourceDate "2019.10.17"]
[SourceVersion "1"]
[SourceVersionDate "2019.10.17"]
[SourceQuality "1"]

1. d4 Nf6 2. c4 g6 3. Nc3 Bg7 4. e4 d6 5. f4 0-0 6. Nf3 Na6 7. Be2 e5 8. fxe5 dxe5 9. d5 Nc5 10. Qc2 Nfxe4 11. Nxe4 Bf5 12. Bd3 Bxe4 13. Bxe4 f5 14. Bxf5 Rxf5 15. Be3 e4 16. Bxc5 exf3 17. 0-0 Qg5 18. Kh1 c6 19. gxf3 cxd5 20. Rae1 Rc8 21. Be7 Qf4 22. Qe2 Re5 23. Qd3 Qxc4 24. Qa3 Re8 25. Rc1 Qe2 26. Bd6 Re3 27. Qc5 Rd3 28. Rce1 Qxe1 29. Rxe1 Rxe1+ 30. Kg2 h6 31. Qc8+ Kh7 32. Qxb7 Re2+ 33. Kg3 Ree3 34. Kg2 Re8 35. Qxa7 Rd2+ 36. Kg3 Rxb2 37. Qf7 Rbe2 38. Qxd5 Rd8 39. Qc4 Re3 40. Bf4 Rc3 41. Qf7 Rf8 42. Qe7 g5 43. Qe4+ Kh8 44. Bd6 Rf6 45. Qe8+ Kh7 46. Qe4+ Kh8 1/2-1/2

[Event "CUB Province-chT Schools 54th"]
[Site "Santa Clara"]
[Date "2018.07.16"]
[Round "8.1"]
[White "Morell Fuentes, Analia"]
[Black "Hernandez Machado, Patricia M"]
[Result "0-1"]
[WhiteElo "1553"]
[BlackElo "1999"]
[PlyCount "118"]
[EventDate "2018.07.13"]
[EventType "team-swiss"]
[EventRounds "9"]
[EventCountry "CUB"]
[SourceTitle "CBM 195 Extra"]
[Source "ChessBase"]
[SourceDate "2020.05.31"]
[SourceVersion "1"]
[SourceVersionDate "2020.05.31"]
[SourceQuality "1"]
[WhiteTeam "Camaguey"]
[BlackTeam "Villa Clara"]
[WhiteTeamCountry "CUB"]
[BlackTeamCountry "CUB"]

1. e4 c5 2. Nc3 d6 3. f4 g6 4. Nf3 Bg7 5. d3 Nc6 6. Be2 e6 7. 0-0 Nge7 8. Qe1 0-0 9. Qh4 Nd4 10. Nxd4 cxd4 11. Nd1 Qc7 12. c3 f5 13. Bd2 Rf7 14. cxd4 Bxd4+ 15. Be3 Bf6 16. Qf2 Bd7 17. Bxa7 Qc2 18. Be3 fxe4 19. dxe4 Qxe4 20. Bf3 Qb4 21. Bd2 Qb5 22. Be2 Qc5 23. Be3 Qa5 24. Bb6 Qb4 25. a3 Qb3 26. Qe3 Qxe3+ 27. Bxe3 Nd5 28. Bd2 Bd4+ 29. Kh1 Raf8 30. g3 g5 31. Nc3 Bc6 32. Bf3 Be3 33. Nxd5 Bxd2 34. Nc3 Bxc3 35. bxc3 gxf4 36. Bxc6 bxc6 37. Rf3 fxg3 38. Rxg3+ Rg7 39. Rag1 Rxg3 40. Rxg3+ Kf7 41. Rf3+ Ke7 42. Rxf8 Kxf8 43. Kg2 Ke7 44. Kf3 Kd7 45. Kf4 Kc7 46. Kg5 e5 47. h4 e4 48. Kf4 d5 49. c4 Kb6 50. Ke3 Kc5 51. cxd5 cxd5 52. Kd2 d4 53. h5 Kc4 54. Kc2 e3 55. h6 d3+ 56. Kd1 Kc3 57. Ke1 d2+ 58. Kd1 Kd3 59. a4 e2# 0-1

[Event "CUB Province-chT Schools 54th"]
[Site "Santa Clara"]
[Date "2018.07.14"]
[Round "3.1"]
[White "Hernandez Machado, Patricia M"]
[Black "Gonzalez Diaz, Penelope"]
[Result "1-0"]
[WhiteElo "1999"]
[BlackElo "2026"]
[PlyCount "91"]
[EventDate "2018.07.13"]
[EventType "team-swiss"]
[EventRounds "9"]
[EventCountry "CUB"]
[SourceTitle "CBM 195 Extra"]
[Source "ChessBase"]
[SourceDate "2020.05.31"]
[SourceVersion "1"]
[SourceVersionDate "2020.05.31"]
[SourceQuality "1"]
[WhiteTeam "Villa Clara"]
[BlackTeam "La Habana"]
[WhiteTeamCountry "CUB"]
[BlackTeamCountry "CUB"]

1. c4 Nf6 2. Nf3 g6 3. g3 b6 4. Bg2 Bb7 5. 0-0 c5 6. Nc3 Bg7 7. Re1 d5 8. cxd5 Nxd5 9. Qa4+ Bc6 10. Qb3 0-0 11. d3 e6 12. Bg5 Qd7 13. Qa3 Qb7 14. Rac1 h6 15. Bd2 Rd8 16. Nxd5 Bxd5 17. b4 Na6 18. bxc5 Nxc5 19. Bb4 Bf8 20. d4 Nd3 21. Bxf8 Nxe1 22. Bxh6 Nxf3+ 23. exf3 Kh7 24. Bg5 Rdc8 25. Bf6 Kg8 26. Re1 Qc6 27. Qe3 Kf8 28. Qh6+ Ke8 29. Qg7 Qd6 30. f4 Bxg2 31. Kxg2 Qf8 32. Qh7 Kd7 33. d5 Re8 34. Rd1 exd5 35. f5 Qg8 36. Qh4 gxf5 37. Rxd5+ Ke6 38. Re5+ Kd6 39. Qd4+ Kc6 40. Qd5+ Kc7 41. Be7 f6 42. Qd6+ Kb7 43. Qd7+ Ka6 44. Re3 b5 45. Qc6+ Ka5 46. Ra3# 1-0

[Event "Guillermo Garcia Memorial op 27th"]
[Site "Santa Clara"]
[Date "2018.05.24"]
[Round "3"]
[White "Hernandez Machado, Patricia M"]
[Black "Piedra Salabarria, Ernesto"]
[Result "0-1"]
[WhiteElo "2105"]
[BlackElo "2355"]
[PlyCount "66"]
[EventDate "2018.05.22"]
[EventType "swiss"]
[EventRounds "9"]
[EventCountry "CUB"]
[SourceTitle "CBM 184 Extra"]
[Source "ChessBase"]
[SourceDate "2018.06.28"]
[SourceVersion "1"]
[SourceVersionDate "2018.06.28"]
[SourceQuality "1"]

1. d4 Nf6 2. c4 c5 3. d5 e6 4. Nc3 exd5 5. cxd5 d6 6. e4 g6 7. f4 Bg7 8. Bb5+ Nfd7 9. Nf3 a6 10. Bxd7+ Nxd7 11. a4 0-0 12. 0-0 Re8 13. Qd3 Nf6 14. a5 b5 15. axb6 Qxb6 16. Kh1 Bd7 17. Nd2 Bb5 18. Nc4 Bxc4 19. Qxc4 Qb4 20. Qd3 Qd4 21. Qc2 Nxe4 22. Ra4 Nf2+ 23. Kg1 Nh3+ 24. Kh1 Qf2 25. Qxf2 Nxf2+ 26. Kg1 Bd4 27. g3 Nd3+ 28. Kg2 Bxc3 29. bxc3 Re2+ 30. Kh3 f5 31. c4 Nf2+ 32. Kh4 Ng4 33. h3 Nh2 0-1

[Event "Santa Clara Salado Cup"]
[Site "Santa Clara"]
[Date "2018.03.31"]
[Round "5"]
[White "Hernandez Machado, Patricia M"]
[Black "Lemus Morales, Diego Enrique"]
[Result "1-0"]
[WhiteElo "1995"]
[BlackElo "2027"]
[PlyCount "63"]
[EventDate "2018.03.29"]
[EventType "swiss"]
[EventRounds "7"]
[EventCountry "CUB"]
[SourceTitle "EXT 2021"]
[Source "ChessBase"]
[SourceDate "2020.10.23"]
[SourceVersion "1"]
[SourceVersionDate "2020.10.23"]
[SourceQuality "1"]

1. Nf3 Nf6 2. g3 d5 3. Bg2 c6 4. 0-0 Bg4 5. d3 Nbd7 6. c4 dxc4 7. dxc4 e5 8. Nc3 Be7 9. e4 0-0 10. h3 Be6 11. b3 Qc7 12. Bb2 Rfd8 13. Qc2 a6 14. Nd1 Rac8 15. Ne3 Bc5 16. Rfe1 b5 17. Rad1 Ne8 18. Bf1 f6 19. Kh2 Nd6 20. Nf5 Nb6 21. a3 Bxf5 22. exf5 a5 23. Bc3 Bxa3 24. Bxa5 bxc4 25. Qa2 Bc5 26. b4 Bd4 27. Nxd4 exd4 28. Rxd4 Kh8 29. Red1 Nxf5 30. Rxd8+ Rxd8 31. Rxd8+ Qxd8 32. Bxb6 1-0

[Event "Camaguey 504 Anniv Escolar"]
[Site "Camaguey"]
[Date "2018.??.??"]
[Round "3.4"]
[White "Cordon Antunez, Olga Rachel"]
[Black "Hernandez Machado, Patricia M"]
[Result "1-0"]
[WhiteElo "1862"]
[BlackElo "1995"]
[PlyCount "53"]
[EventDate "2018.02.01"]
[EventType "team-tourn"]
[EventRounds "7"]
[EventCountry "CUB"]
[SourceTitle "EXT 2021"]
[Source "ChessBase"]
[SourceDate "2020.10.23"]
[SourceVersion "1"]
[SourceVersionDate "2020.10.23"]
[SourceQuality "1"]

1. e4 d6 2. d4 Nf6 3. Nc3 g6 4. f4 Bg7 5. Nf3 c5 6. d5 0-0 7. Bc4 b5 8. Bxb5 Nxe4 9. Nxe4 Qa5+ 10. Ned2 Qxb5 11. c4 Qa5 12. 0-0 Na6 13. Qe2 Re8 14. Ne4 Qb6 15. Bd2 Nc7 16. Bc3 Bxc3 17. bxc3 Ba6 18. Rab1 Qa5 19. Nfg5 Nxd5 20. f5 Rf8 21. Qd3 Nf6 22. fxg6 fxg6 23. Qh3 Bxc4 24. Nxf6+ Rxf6 25. Qxh7+ Kf8 26. Rxf6+ exf6 27. Rb7 1-0

[Event "Camaguey 504 Anniv Escolar"]
[Site "Camaguey"]
[Date "2018.??.??"]
[Round "1.3"]
[White "Medina Mulgado, Lien"]
[Black "Hernandez Machado, Patricia M"]
[Result "0-1"]
[WhiteElo "1558"]
[BlackElo "1995"]
[PlyCount "86"]
[EventDate "2018.02.01"]
[EventType "team-tourn"]
[EventRounds "7"]
[EventCountry "CUB"]
[SourceTitle "EXT 2021"]
[Source "ChessBase"]
[SourceDate "2020.10.23"]
[SourceVersion "1"]
[SourceVersionDate "2020.10.23"]
[SourceQuality "1"]

1. d4 Nf6 2. Nf3 g6 3. g3 Bg7 4. Bg2 0-0 5. c4 c6 6. 0-0 d5 7. cxd5 cxd5 8. Nc3 Nc6 9. Bf4 Bg4 10. Ne5 Be6 11. Nxc6 bxc6 12. Rc1 Nh5 13. Be3 Rb8 14. Na4 Bd7 15. Qc2 e5 16. dxe5 Bxe5 17. Bxa7 Rb7 18. Bc5 Re8 19. e3 Qa5 20. b3 Ng7 21. Rfd1 Ra8 22. e4 dxe4 23. Bxe4 Ne6 24. Be3 Rc8 25. Nb6 Rxb6 26. Bxb6 Qxb6 27. Rxd7 Bd4 28. Rd6 Qb8 29. Rxc6 Rxc6 30. Qxc6 Qe5 31. Qd5 Qf6 32. Rc2 Bb6 33. Kg2 h5 34. a4 h4 35. a5 h3+ 36. Kxh3 Bxf2 37. Kg2 Be3 38. Qd3 Qg5 39. Kh1 Ba7 40. Qd5 Qe3 41. Kg2 Ng5 42. Rc8+ Kh7 43. Bxg6+ Kg7 0-1

[Event "CUB School-chT"]
[Site "Santa Clara"]
[Date "2017.07.17"]
[Round "9.1"]
[White "Hernandez Machado, Patricia M"]
[Black "Martin Beltran, Thalia"]
[Result "1-0"]
[WhiteElo "1930"]
[BlackElo "1617"]
[PlyCount "69"]
[EventDate "2017.07.13"]
[EventType "team-swiss"]
[EventRounds "9"]
[EventCountry "CUB"]
[SourceTitle "EXT 2023"]
[Source "ChessBase"]
[SourceDate "2022.10.05"]
[SourceVersion "1"]
[SourceVersionDate "2022.10.05"]
[SourceQuality "1"]

1. c4 e5 2. Nc3 Nf6 3. Nf3 Nc6 4. g3 Be7 5. Bg2 0-0 6. 0-0 d6 7. d3 Be6 8. Rb1 h6 9. b4 a6 10. b5 Nd4 11. bxa6 bxa6 12. e3 Nxf3+ 13. Qxf3 Rb8 14. Ba3 Qd7 15. Qc6 Qxc6 16. Bxc6 Rfd8 17. Nd5 Nxd5 18. cxd5 Bf5 19. e4 Bh7 20. Bb4 f5 21. f3 Rdc8 22. Ba5 Bd8 23. Bb7 Rxb7 24. Rxb7 Kf8 25. Rc1 Ke8 26. Bxc7 Bxc7 27. Rcxc7 Rxc7 28. Rxc7 Kf8 29. Ra7 f4 30. Rxa6 Ke7 31. Ra7+ Kf6 32. Rd7 Bg8 33. a4 Bf7 34. Rxf7+ Kxf7 35. a5 1-0

[Event "CUB School-chT"]
[Site "Santa Clara"]
[Date "2017.07.15"]
[Round "5.2"]
[White "Hernandez Machado, Patricia M"]
[Black "Bosch Valls, Leannet Mariah"]
[Result "1/2-1/2"]
[WhiteElo "1930"]
[BlackElo "1847"]
[PlyCount "89"]
[EventDate "2017.07.13"]
[EventType "team-swiss"]
[EventRounds "9"]
[EventCountry "CUB"]
[SourceTitle "EXT 2023"]
[Source "ChessBase"]
[SourceDate "2022.10.05"]
[SourceVersion "1"]
[SourceVersionDate "2022.10.05"]
[SourceQuality "1"]

1. c4 d6 2. Nc3 Nf6 3. g3 g6 4. Bg2 Bg7 5. Nf3 0-0 6. d4 Nbd7 7. 0-0 h6 8. e4 e5 9. h3 Kh7 10. Be3 Ng8 11. Qc2 c6 12. Rad1 Qe7 13. dxe5 dxe5 14. c5 Nxc5 15. Nd5 cxd5 16. Bxc5 Qc7 17. Ne1 Re8 18. exd5 Bf5 19. Qc1 Rac8 20. Be3 Qd6 21. Qd2 Nf6 22. b4 b6 23. b5 Ne4 24. Bxe4 Bxe4 25. f3 Bf5 26. g4 Bd7 27. a4 f5 28. Nc2 e4 29. f4 fxg4 30. h4 h5 31. Rc1 Bb2 32. Rb1 Bf6 33. Bf2 Qe7 34. d6 Qd8 35. Ne3 Bxh4 36. Rfc1 Bxf2+ 37. Qxf2 Rxc1+ 38. Rxc1 Bf5 39. Rc7+ Kh6 40. Nxf5+ gxf5 41. Qd4 Rg8 42. Qe5 Qh4 43. Qxf5 Qe1+ 44. Kg2 Qe2+ 45. Kg1 1/2-1/2

[Event "CUB School-chT"]
[Site "Santa Clara"]
[Date "2017.07.14"]
[Round "4.1"]
[White "Diaz Garcia, Lianet"]
[Black "Hernandez Machado, Patricia M"]
[Result "1-0"]
[WhiteElo "1716"]
[BlackElo "1930"]
[PlyCount "47"]
[EventDate "2017.07.13"]
[EventType "team-swiss"]
[EventRounds "9"]
[EventCountry "CUB"]
[SourceTitle "EXT 2023"]
[Source "ChessBase"]
[SourceDate "2022.10.05"]
[SourceVersion "1"]
[SourceVersionDate "2022.10.05"]
[SourceQuality "1"]

1. e4 d6 2. Nc3 Nf6 3. f4 g6 4. Nf3 Bg7 5. Bc4 0-0 6. 0-0 a6 7. d3 b5 8. Bb3 Bb7 9. Qe1 Nc6 10. Qh4 Na5 11. f5 Nxb3 12. axb3 c5 13. Bh6 Qb6 14. Kh1 Rfe8 15. fxg6 hxg6 16. Ng5 Qc7 17. Rf3 b4 18. Ne2 d5 19. Raf1 Bc8 20. e5 Nh5 21. Bxg7 Kxg7 22. Rxf7+ Kg8 23. Nf4 Qxe5 24. Nxh5 1-0

[Event "CUB School-chT"]
[Site "Santa Clara"]
[Date "2017.07.13"]
[Round "2.2"]
[White "Sierra Cartaya, Ana Barbara"]
[Black "Hernandez Machado, Patricia M"]
[Result "1-0"]
[WhiteElo "1971"]
[BlackElo "1930"]
[PlyCount "85"]
[EventDate "2017.07.13"]
[EventType "team-swiss"]
[EventRounds "9"]
[EventCountry "CUB"]
[SourceTitle "EXT 2023"]
[Source "ChessBase"]
[SourceDate "2022.10.05"]
[SourceVersion "1"]
[SourceVersionDate "2022.10.05"]
[SourceQuality "1"]

1. e4 d6 2. d4 Nf6 3. Nc3 g6 4. f3 c6 5. Be3 b5 6. Qd2 Nbd7 7. g4 Nb6 8. a3 a5 9. Bd3 h5 10. gxh5 Nxh5 11. Qf2 Nc4 12. Bxc4 bxc4 13. Nge2 Rb8 14. Nd1 Bg7 15. Ng3 Bf6 16. Qf1 Bh4 17. Rg1 e5 18. dxe5 dxe5 19. Qxc4 Qf6 20. Bf2 Nf4 21. Ne2 Bxf2+ 22. Nxf2 Rxh2 23. Qc3 Nxe2 24. Kxe2 Ba6+ 25. Ke1 Rd8 26. Rg4 Bc8 27. Rg1 Ba6 28. Rg4 Kf8 29. b4 a4 30. Qe3 Bc8 31. Rg1 Qh4 32. Rc1 Ba6 33. Ra1 Rd4 34. Rc1 g5 35. c3 Rd3 36. Qc5+ Kg8 37. Rc2 Qf4 38. Nxd3 Bxd3 39. Rxh2 Qxh2 40. Rxg5+ Kh7 41. Qf2 Qf4 42. Qd2 Qxf3 43. Qh2+ 1-0

[Event "Guillermo Garcia Memorial op 26th"]
[Site "Santa Clara"]
[Date "2017.05.24"]
[Round "8"]
[White "Mesa, Francisco Alonso Jr"]
[Black "Hernandez Machado, Patricia M"]
[Result "0-1"]
[WhiteElo "1903"]
[BlackElo "1955"]
[PlyCount "22"]
[EventDate "2017.05.16"]
[EventType "swiss"]
[EventRounds "9"]
[EventCountry "CUB"]
[SourceTitle "CBM 178 Extra"]
[Source "ChessBase"]
[SourceDate "2017.06.22"]
[SourceVersion "1"]
[SourceVersionDate "2017.06.22"]
[SourceQuality "1"]

1. e4 c5 2. a3 d6 3. b4 b6 4. Nf3 Nf6 5. Nc3 Bb7 6. e5 dxe5 7. Nxe5 cxb4 8. axb4 e6 9. Bb5+ Nbd7 10. Bc6 Qc7 11. b5 Qxe5+ 0-1

[Event "Guillermo Garcia Memorial op 26th"]
[Site "Santa Clara"]
[Date "2017.05.17"]
[Round "2"]
[White "Campos Jimenez, Augusto Cesar"]
[Black "Hernandez Machado, Patricia M"]
[Result "1-0"]
[WhiteElo "2283"]
[BlackElo "1955"]
[PlyCount "63"]
[EventDate "2017.05.16"]
[EventType "swiss"]
[EventRounds "9"]
[EventCountry "CUB"]
[SourceTitle "CBM 178 Extra"]
[Source "ChessBase"]
[SourceDate "2017.06.22"]
[SourceVersion "1"]
[SourceVersionDate "2017.06.22"]
[SourceQuality "1"]

1. d4 Nf6 2. Nf3 g6 3. Bg5 Bg7 4. Nbd2 h6 5. Bh4 d6 6. e4 g5 7. Bg3 Nh5 8. c3 Nd7 9. Bc4 e6 10. 0-0 Nxg3 11. fxg3 0-0 12. Qe2 a6 13. a4 c6 14. Bd3 c5 15. Rad1 g4 16. Nh4 cxd4 17. cxd4 Bxd4+ 18. Kh1 Qg5 19. Nc4 Be5 20. Bc2 Nf6 21. Rxd6 Bxd6 22. Nxd6 Nd7 23. e5 f5 24. b4 Kg7 25. Bxf5 Nb6 26. Ne4 Qh5 27. Nf6 Qg5 28. Bd3 Bd7 29. a5 Na4 30. Qe4 Rh8 31. Nxd7 Nc3 32. Qxb7 1-0